UBT Library

Personal influence; (Record no. 221)

000 -LEADER
fixed length control field 01011cam a22002531 4500
005 - DATE AND TIME OF LATEST TRANSACTION
control field 20131030110826.0
008 - FIXED-LENGTH DATA ELEMENTS--GENERAL INFORMATION
fixed length control field 721213s1955 iluak b 000 0 eng
041 0# - LANGUAGE CODE
Language code of text/sound track or separate title eng
080 ## - UNIVERSAL DECIMAL CLASSIFICATION NUMBER
Universal Decimal Classification number 316.77:651.17
100 1# - Rafti
Rafti Katz, Elihu,
100 1# - Rafti
-- 1926-
245 10 - TITLE STATEMENT
Title Personal influence;
Statement of responsibility, etc by Elihu Katz and Paul F. Lazarsfeld. With a foreword by Elmo Roper.
260 ## -
-- Glencoe, Ill.,
-- Free Press
-- [1955]
300 ## -
-- xx, 400 p.
-- diagrs., forms, tables.
-- 22 cm.
490 1# -
-- Foundations of communications research ;
-- v. 2
500 ## -
-- Foreword : f. XV-XX
500 ## -
-- "A report of the Bureau of Applied Social Research, Columbia University."
504 ## - BIBLIOGRAPHY, ETC. NOTE
Bibliography, etc Bibliography: p. 381-393.
650 #0 -
-- Opinioni publik
650 #0 -
-- Mediat masive
700 1# -
-- Lazarsfeld, Paul F.,
-- 1901-1976,
-- author.
710 2# -
-- Columbia University.
-- Bureau of Applied Social Research.
830 #0 -
-- Foundations of communications research ;
-- v. 2.
942 ## - ADDED ENTRY ELEMENTS (KOHA)
Source of classification or shelving scheme
Item type Books
Holdings
Withdrawn status Lost status Source of classification or shelving scheme Damaged status Not for loan Collection code Permanent location Current location Shelving location Date acquired Total Checkouts Full call number Barcode Date last seen Koha item type
          Koleksioni i përgjithshem UBT - Prishtine UBT - Prishtine Koleksioni i përgjithshem 10/30/2013   316.77:651.17 KAT 001-000253 10/30/2013 Books
UBT Library © 2015-2024. All rights reserved University Education for Business and Technology